Charlotte Cardin - Tant pis pour elle [paroles] - Statistiques

Statistiques générales
  • Ce quiz a été pris 88 fois
  • Le résultat moyen est 60 sur 80
Statistiques - réponses
Réponse % Correct
elle
100%
pis
100%
pour
100%
tant
100%
nouvelle
98%
que
98%
quelle
98%
qu’elle
98%
belle
97%
et
97%
à
95%
ce
94%
étincelle
94%
ne
94%
tu
94%
aimes
90%
celle
90%
de
89%
qu’une
89%
toi
89%
le
87%
moi
87%
te
87%
je
86%
tes
86%
avec
84%
ciel
84%
les
84%
mon
84%
n’était
84%
bleu
83%
yeux
83%
des
81%
l’essentiel
79%
me
79%
brûle
78%
c’est
78%
dieu
78%
la
78%
retour
78%
ailes
73%
donne
73%
fin
73%
du
71%
on
71%
plus
71%
donnes
70%
bordel
68%
fini
68%
querelles
67%
sur
67%
qui
65%
mes
63%
besoin
62%
d’elle
62%
donc
62%
hésitation
62%
miel
62%
système
62%
lune
60%
notre
60%
rien
60%
torrentielles
60%
dans
59%
s’échappe
59%
t’as
59%
terme
59%
pluies
57%
un
57%
lèvres
56%
tiennes
56%
viens
56%
pleuvait
54%
invitent
51%
jusqu’à
51%
regarde
51%
rappelle
49%
veines
49%
vide
48%
ooh
33%
Aucun quiz correspondant
Distribution des résultats
% des personnes avec chaque résultat
Percentile par nombre de réponses
Votre historique - résultats
Vous n’avez pas pris ce quiz